01321nam a2200337 a 4500001001200000003000800012006001900020007001500039008004100054010001700095020001500112020001800127020002700145040002100172035002100193050002900214082001700243245013800260260005300398300002500451504005300476533015200529650003100681650003500712650002400747655002900771700002300800710001700823856012600840999001700966ebr10671514CaPaEBRm o u cr cn|||||||||111117s2012 enka sb 001 0 eng d z 2011043131 z184821345X z9781848213456 z9781118563304 (e-book) aCaPaEBRcCaPaEBR a(OCoLC)83051238814aTA418.9.N35bC357 2012eb04a620.1/1522300aCarbon nanotubes and nanosensorsh[electronic resource] :bvibration, buckling and ballistic impact /cIsaac Elishakoff ... [et al.]. aLondon :bISTE ;aHoboken, N.J. :bWiley,c2012. axiii, 421 p. :bill. aIncludes bibliographical references and indexes. aElectronic reproduction.bPalo Alto, Calif. :cebrary,d2015.nAvailable via World Wide Web.nAccess may be limited to ebrary affiliated libraries. 0aNanotubesxImpact testing. 0aNanotubesxElastic properties. 0aDetectorsxTesting. 7aElectronic books.2local1 aElishakoff, Isaac.2 aebrary, Inc.40uhttp://site.ebrary.com/lib/rucke/Doc?id=10671514zAn electronic book accessible through the World Wide Web; click to view c62884d62884